| 000 | 00582nam a2200217 a 4500 | ||
|---|---|---|---|
| 001 | BRCA_5078 | ||
| 005 | 20190320204929.0 | ||
| 008 | 101110s1955----mx-a######---#000-0#spa-# | ||
| 041 | _aspa | ||
| 044 | _amx | ||
| 050 | 4 |
_aF1210 _b.B48 1955 |
|
| 100 | 1 |
_aBeteta, Ramón _912948 |
|
| 245 | 1 | 0 |
_aDisertaciones sobre México desde Europa _cRamón Beteta. |
| 260 |
_aMéxico _bRevista Hoy _c1955 |
||
| 300 |
_a90 p. _bil. _c19 cm. |
||
| 500 | _aDD33 | ||
| 651 | 4 |
_aMéxico _xCivilización _99184 |
|
| 651 | 4 |
_aMéxico _xCondiciones económicas _92842 |
|
| 902 | _aGFM | ||
| 942 |
_2lcc _cB |
||
| 999 |
_c4772 _d4772 |
||